| 000 | 01250nam a2200229Ia 4500 | ||
|---|---|---|---|
| 003 | Ost | ||
| 005 | 20260507075540.0 | ||
| 008 | 260507s9999||||xx |||||||||||||| ||und|| | ||
| 020 | _a×977350056 | ||
| 040 | _cfsecg | ||
| 041 | _aara | ||
| 082 | _a330.15 | ||
| 100 |
_aالمسيرى، أبو بكر عبد القادر _eمؤلف |
||
| 245 | 0 |
_aالمدخل إلى علم الاقتصاد و التحليل الاقتصادي / _c أبو بكر عبد القادر المسيرى |
|
| 260 |
_aالقاهرة: _bدار الكتاب الحديث, _c2008 |
||
| 300 |
_a211 صفحة؛ _bإيضاحات ؛ _c24 سم |
||
| 504 | _aالمراجع ص.207 (اقتناءات 2014 3ن) | ||
| 520 | _aيضم تعريف علم الاقتصاد وأخطاء التحليل، القوانين الاقتصادية، اقتصاديات السكان وتنمية الموارد البشرية، التخطيط الاقتصادي في النظم المختلفة، اشتراك العوامل في إنتاج البيئة الطبيعية، العرض والطلب، توازن المستهلك باستخدام فكرة منحنيات السواء | ||
| 653 | _aالإقتصاد التحليلي | ||
| 653 | _aالإقتصاد، علم | ||
| 942 | _cكتاب | ||
| 999 |
_c44866 _d44866 |
||